000 00362nam a2200133Ia 4500
008 150201s1986 xx 000 0 und d
082 _a616.1
_bD86C
100 _aHURST , CECILE
245 _aDYSRHYTHMIA INTERPERTATION BASED ON LARDIAC SUPPRESSION AND IRRTABILITY
260 _bLIPPINCOTT
_aLONDON
_c1986
300 _a350
650 _aNURSING
942 _2ddc
_cBK
999 _c1889
_d1889